Language Quiz

Random Language or Company Quiz

What If Those Brands Were French? Quiz Stats

Quiz Updated Mar 22, 2016

Challenge
Share
Tweet
Embed
Score 0/16 Timer 05:00
0 Plays Today
% Correct
Roi du Hamburger
96.5%
Quatre Saisons
95.3%
Métro
94.7%
Pomme
93.8%
Taureau Rouge
93.4%
Chasser
91.4%
Bonneannée
90.5%
Flocons de maïs
89.4%
% Correct
Fenêtres
81.3%
Pierre de Pont
78.5%
Livreduvisage
75.8%
Meilleur Achat
75%
Coquille
69.8%
Chenille
51.7%
Mûre
43.3%
Cible
40.2%

You're not logged in!

Compare scores with friends on all Sporcle quizzes.
Sign Up with Email
OR
Log In

You Might Also Like...

Show Comments

Extras

Top Quizzes Today


Score Distribution

Your Account Isn't Verified!

In order to create a playlist on Sporcle, you need to verify the email address you used during registration. Go to your Sporcle Settings to finish the process.

Report this User

Report this user for behavior that violates our Community Guidelines.

Details: